Trailer Park Boys Characters - Statistics

General Stats
  • This quiz has been taken 333 times
    325 since last reset
  • The average score is 15 of 19
Answer Stats
Hint Answer % Correct
Lives in the shed with his kitties Bubbles
100%
Dropped out after Grade 9, main idiot Ricky
100%
Always carrying a drink Julian
99%
Assistant trailer park supervisor who never wears a shirt; cheeseburgers Randy
99%
Rapper, "gnawm sayin'?" J-Roc
97%
Drunken trailer park supervisor Mr. Lahey
97%
Ricky's off-and-on girlfriend Lucy
94%
Ricky and Lucy's daughter Trinity
93%
Owner of Sunnyvale Trailer Park Barb Lahey
90%
Tried to take over the park in the first episode; Failed grade 10 Cyrus
84%
'Caveman' who is also the vet Sam Losco
84%
Previous character's roomate Sarah
84%
Ricky's dad Ray
82%
Ventriloquist puppet that Bubbles made in Grade 6; 'killed' twice Conky
79%
Two idiots who the boys use as scapegoats Cory & Trevor
79%
Julian's cop girlfriend in season 3 Erica
43%
Rapper whose music was being pirated in season 3 by J-Roc; Late becomes his manager DVS
38%
Heard screaming obscenities in some episodes, but never seen Danny
33%
Idiot cops who are always being called to the park George Green & Ted Johnson
30%
No matching quizzes found
Score Distribution
Percent of People with Each Score
Percentile by Number Answered
Your Score History
You have not taken this quiz since the last reset